000 00217nam a2200097Ia 4500
008 231212s1987 xx 000 0 und d
041 _aeng
100 _aPatharvat A
245 _aUpashi
260 _aPune
_bDhanpat
_c1987
999 _c960125
_d960125